|
|
|
|
| LEADER |
01094nam a2200349 4500 |
| 001 |
DLU110129441 |
| 005 |
##20111223 |
| 040 |
# |
# |
|a DLU
|b eng
|
| 041 |
# |
# |
|a eng
|
| 044 |
# |
# |
|a us
|
| 100 |
# |
# |
|a Guillot, Gilles.
|
| 245 |
# |
# |
|a Spatial prediction of weed intensities from exact count data and image-based estimates /
|c Gilles Guillot, Niklas Loren, Mats Rudemo.
|
| 653 |
# |
# |
|a Approximate Cox process
|
| 653 |
# |
# |
|a Gaussian random field
|
| 653 |
# |
# |
|a Image analysis
|
| 653 |
# |
# |
|a Model-based geostatistics
|
| 653 |
# |
# |
|a Multivariate data
|
| 653 |
# |
# |
|a Poisson regression
|
| 653 |
# |
# |
|a Precision farming
|
| 653 |
# |
# |
|a Spatial prediction
|
| 700 |
# |
# |
|a Loren, Niklas.
|
| 700 |
# |
# |
|a Rudemo, Mats.
|
| 773 |
# |
# |
|t Journal of the Royal Statistical Society
|g Vol. 58, no. 4 (September 2009), p. 525-542
|
| 920 |
# |
# |
|a Phòng Tạp chí -- Trung tâm Thông tin - Thư viện Trường Đại học Đà Lạt
|
| 994 |
# |
# |
|a DLU
|
| 900 |
# |
# |
|a True
|
| 911 |
# |
# |
|a Trương Bảo Trâm Anh
|
| 925 |
# |
# |
|a G
|
| 926 |
# |
# |
|a A
|
| 927 |
# |
# |
|a BB
|
| 980 |
# |
# |
|a Thư viện Trường Đại học Đà Lạt
|